<?xml version="1.0" encoding="UTF-8"?>
<collection xmlns="http://www.loc.gov/MARC21/slim">
 <record>
  <leader>02432cam a2200421 7i4500</leader>
  <controlfield tag="001">0000094212</controlfield>
  <controlfield tag="005">20210823090000.0</controlfield>
  <controlfield tag="008">210823s1990    xx a   g##   #00001eng##</controlfield>
  <datafield tag="022" ind1="#" ind2="#">
   <subfield code="a">09369902</subfield>
  </datafield>
  <datafield tag="040" ind1="#" ind2="#">
   <subfield code="a">UMT </subfield>
   <subfield code="b">eng </subfield>
   <subfield code="c">UMT </subfield>
   <subfield code="e">rda</subfield>
  </datafield>
  <datafield tag="090" ind1="0" ind2="0">
   <subfield code="a">QL 624 </subfield>
   <subfield code="b">.I3</subfield>
  </datafield>
  <datafield tag="245" ind1="0" ind2="0">
   <subfield code="a">Ichthyological Exploration of Freshwaters : </subfield>
   <subfield code="b">international journal for field-orientated ichthyology.</subfield>
  </datafield>
  <datafield tag="264" ind1="#" ind2="0">
   <subfield code="a">German: </subfield>
   <subfield code="b">Verlag Dr. Friedrich Pfeil, </subfield>
   <subfield code="c">1990</subfield>
  </datafield>
  <datafield tag="336" ind1="#" ind2="#">
   <subfield code="a">text -- </subfield>
   <subfield code="2">rdacontent</subfield>
  </datafield>
  <datafield tag="337" ind1="#" ind2="#">
   <subfield code="a">unmediated -- </subfield>
   <subfield code="2">rdamedia</subfield>
  </datafield>
  <datafield tag="338" ind1="#" ind2="#">
   <subfield code="a">volume -- </subfield>
   <subfield code="2">rdacarrier</subfield>
  </datafield>
  <datafield tag="500" ind1="#" ind2="#">
   <subfield code="a">Publishes papers resulting from field work in ichthyology and the documentation of the biodiversity of freshwater fishes</subfield>
  </datafield>
  <datafield tag="650" ind1="0" ind2="0">
   <subfield code="a">Biology -- </subfield>
   <subfield code="x">Zoology </subfield>
  </datafield>
  <datafield tag="850" ind1="#" ind2="#">
   <subfield code="a"> Library has 2020 : Vol.29 No.3 Feb 2020, vol.29 No.4 Feb 2020 - Siap dibinding</subfield>
  </datafield>
  <datafield tag="850" ind1="#" ind2="#">
   <subfield code="a">Library has 2017 : Volume 28 (Number 1, August 2017) - Siap binding</subfield>
  </datafield>
  <datafield tag="850" ind1="#" ind2="#">
   <subfield code="a">Library has 2018 : Volume 28 (Number 2, January 2018), (Number 3, Sept.2018), (Number 4, Oct.2018)</subfield>
  </datafield>
  <datafield tag="850" ind1="#" ind2="#">
   <subfield code="a">Library has 2019 : Volume 29 (Number 1, July), Volume 29 (Number 2, August) - Siap binding</subfield>
  </datafield>
  <datafield tag="850" ind1="#" ind2="#">
   <subfield code="a">Library has 2016 : Volume 27 (Number 1, April 2016), Volume 27 (Number 2, October 2016), Volume 27 (Number 3, November 2016), Volume 27 (Number 4, December 2016)</subfield>
  </datafield>
  <datafield tag="850" ind1="#" ind2="#">
   <subfield code="a">Library has : 2011, 2012, 2013, 2014, 2015 (Vol.26, No.1-4)</subfield>
  </datafield>
  <datafield tag="850" ind1="#" ind2="#">
   <subfield code="a">Library has : Vol.24 No.3-4 2014, Vol.25 No.1-4 2014</subfield>
  </datafield>
  <datafield tag="999" ind1=" " ind2=" ">
   <subfield code="a">1100091462</subfield>
   <subfield code="b">Jurnal</subfield>
   <subfield code="c">Jurnal Berjilid</subfield>
   <subfield code="e">KOLEKSI TERBITAN BERSIRI</subfield>
  </datafield>
  <datafield tag="999" ind1=" " ind2=" ">
   <subfield code="a">1100091638</subfield>
   <subfield code="b">Jurnal</subfield>
   <subfield code="c">Jurnal Berjilid</subfield>
   <subfield code="e">KOLEKSI TERBITAN BERSIRI</subfield>
  </datafield>
  <datafield tag="999" ind1=" " ind2=" ">
   <subfield code="a">1100092698</subfield>
   <subfield code="b">Jurnal</subfield>
   <subfield code="c">Jurnal Berjilid</subfield>
   <subfield code="e">KOLEKSI TERBITAN BERSIRI</subfield>
  </datafield>
  <datafield tag="999" ind1=" " ind2=" ">
   <subfield code="a">1100089667</subfield>
   <subfield code="b">Jurnal</subfield>
   <subfield code="c">Jurnal Berjilid</subfield>
   <subfield code="e">KOLEKSI TERBITAN BERSIRI</subfield>
  </datafield>
  <datafield tag="999" ind1=" " ind2=" ">
   <subfield code="a">1100098043</subfield>
   <subfield code="b">Jurnal</subfield>
   <subfield code="c">Jurnal Berjilid</subfield>
   <subfield code="e">KOLEKSI TERBITAN BERSIRI</subfield>
  </datafield>
  <datafield tag="999" ind1=" " ind2=" ">
   <subfield code="a">1100098042</subfield>
   <subfield code="b">Jurnal</subfield>
   <subfield code="c">Jurnal Berjilid</subfield>
   <subfield code="e">KOLEKSI TERBITAN BERSIRI</subfield>
  </datafield>
  <datafield tag="999" ind1=" " ind2=" ">
   <subfield code="a">1100101641</subfield>
   <subfield code="b">Jurnal</subfield>
   <subfield code="c">Jurnal Berjilid</subfield>
   <subfield code="e">KOLEKSI TERBITAN BERSIRI</subfield>
  </datafield>
  <datafield tag="999" ind1=" " ind2=" ">
   <subfield code="a">1100101642</subfield>
   <subfield code="b">Jurnal</subfield>
   <subfield code="c">Jurnal Berjilid</subfield>
   <subfield code="e">KOLEKSI TERBITAN BERSIRI</subfield>
  </datafield>
  <datafield tag="999" ind1=" " ind2=" ">
   <subfield code="a">1100110413</subfield>
   <subfield code="b">Jurnal</subfield>
   <subfield code="c">Jurnal Berjilid</subfield>
   <subfield code="e">KOLEKSI TERBITAN BERSIRI</subfield>
  </datafield>
  <datafield tag="999" ind1=" " ind2=" ">
   <subfield code="a">1100111512</subfield>
   <subfield code="b">Jurnal</subfield>
   <subfield code="c">Jurnal Berjilid</subfield>
   <subfield code="e">KOLEKSI TERBITAN BERSIRI</subfield>
  </datafield>
  <datafield tag="999" ind1=" " ind2=" ">
   <subfield code="a">1100111513</subfield>
   <subfield code="b">Jurnal</subfield>
   <subfield code="c">Jurnal Berjilid</subfield>
   <subfield code="e">KOLEKSI TERBITAN BERSIRI</subfield>
  </datafield>
  <datafield tag="999" ind1=" " ind2=" ">
   <subfield code="a">1100101643</subfield>
   <subfield code="b">Jurnal</subfield>
   <subfield code="c">Jurnal Berjilid</subfield>
   <subfield code="e">KOLEKSI TERBITAN BERSIRI</subfield>
  </datafield>
  <datafield tag="999" ind1=" " ind2=" ">
   <subfield code="a">1100101644</subfield>
   <subfield code="b">Jurnal</subfield>
   <subfield code="c">Jurnal Berjilid</subfield>
   <subfield code="e">KOLEKSI TERBITAN BERSIRI</subfield>
  </datafield>
 </record>
</collection>
